Bilgesam heyeti'nin Çin Halk Cumhuriyeti ziyareti : (Record no. 200130330)

MARC details
000 -LEADER
fixed length control field 00762 a2200253 4500
001 - CONTROL NUMBER
control field 200130330
003 - CONTROL NUMBER IDENTIFIER
control field TR-AnTOB
005 - DATE AND TIME OF LATEST TRANSACTION
control field 20250131113444.0
008 - FIXED-LENGTH DATA ELEMENTS--GENERAL INFORMATION
fixed length control field 130822s2012 tu 000 0
040 ## - CATALOGING SOURCE
Original cataloging agency TR-AnTOB
Transcribing agency TR-AnTOB
041 ## - LANGUAGE CODE
Language code of text/sound track or separate title Türkçe
050 ## - LIBRARY OF CONGRESS CALL NUMBER
Classification number HC427
Item number .S262 2012
090 ## - LOCALLY ASSIGNED LC-TYPE CALL NUMBER (OCLC); LOCAL CALL NUMBER (RLIN)
Classification number (OCLC) (R) ; Classification number, CALL (RLIN) (NR) HC427
Local cutter number (OCLC) ; Book number/undivided call number, CALL (RLIN) .S262 2012
100 1# - MAIN ENTRY--PERSONAL NAME
Personal name Sandıklı, Atilla
9 (RLIN) 101905
245 10 - TITLE STATEMENT
Title Bilgesam heyeti'nin Çin Halk Cumhuriyeti ziyareti :
Remainder of title Sonuç raporu /
Statement of responsibility, etc. Atilla Sandıklı.
264 #1 - PRODUCTION, PUBLICATION, DISTRIBUTION, MANUFACTURE, AND COPYRIGHT NOTICE
Place of production, publication, distribution, manufacture İstanbul:
Name of producer, publisher, distributor, manufacturer Bilgesam,
Date of production, publication, distribution, manufacture, or copyright notice 2012
300 ## - PHYSICAL DESCRIPTION
Extent 28 p;
Dimensions 18 cm
651 #0 - SUBJECT ADDED ENTRY--GEOGRAPHIC NAME
9 (RLIN) 75388
Geographic name China
General subdivision Economic policy
Geographic name China
General subdivision Economic conditions
9 (RLIN) 39574
Geographic name Çin
General subdivision Ekonomik durum
Source of heading or term etuturkob
9 (RLIN) 78123
Geographic name Çin
General subdivision Ekonomi politikası
Source of heading or term etuturkob
9 (RLIN) 43453
942 ## - ADDED ENTRY ELEMENTS (KOHA)
Koha item type Book
Source of classification or shelving scheme Library of Congress Classification
Holdings
Withdrawn status Lost status Source of classification or shelving scheme Not for loan Collection code Home library Current library Shelving location Date acquired Source of acquisition Inventory number Total Checkouts Total Holds Full call number Barcode Copy number Date shelved Koha item type Public note
    Library of Congress Classification Ödünç Verilebilir / Available Genel Koleksiyon Merkez Kütüphane Merkez Kütüphane Genel Koleksiyon / Main Collection 22/08/2013 Bağış / Donation İKT     HC427 .S262 2012 0041062 1 22/08/2013 Book Donated by BİLGESAM
Devinim Yazılım Eğitim Danışmanlık tarafından Koha'nın orjinal sürümü uyarlanarak geliştirilip kurulmuştur.